Sports Quiz

Random Sports or Soccer Quiz

Scottish Internationals Abroad: Avoiding England Quiz Stats

 Plays Quiz not verified by Sporcle

Score 0/27 Timer 08:00
0 Plays Today
Caps Footballer % Correct
40Paul Lambert
84.5%
22Scott Booth
56.5%
26Jim Bett
36.3%
20Murdo MacLeod
25%
2Jamie Smith
20.2%
2Dave Smith
19.6%
19Gordon Smith
19.6%
2Eric Black
13.1%
2Davie Dodds
9.5%
53Alan Rough
6.5%
13Willie McStay
6%
28Ronnie McKinnon
4.2%
2Jocky Scott
3.6%
3William Hunter
3%
Caps Footballer % Correct
27Dave McPherson
3%
4Jock Aird
2.4%
17Bobby Clark
1.8%
1Joe Kennaway
1.2%
24Alex Hamilton
1.2%
2Thomson Allan
1.2%
24Sammy Cox
0.6%
8Tommy Muirhead
0.6%
1Barney Battles
0.6%
2John Buchanan
0.6%
1Alfie Conn
0.6%
2Jimmy Dykes
0.6%
2Bobby Flavell
0.6%

You're not logged in!

Compare scores with friends on all Sporcle quizzes.
Join for Free
OR
Log In

You Might Also Like...

Show Comments

Extras

Top Quizzes Today


Score Distribution

Your Account Isn't Verified!

In order to create a playlist on Sporcle, you need to verify the email address you used during registration. Go to your Sporcle Settings to finish the process.

Report this User

Report this user for behavior that violates our Community Guidelines.

Details: